000 00597nam a2200241Ia 4500
001 11190
003 GE_BSU
008 181216s||||||||xx |||||||||||||| ||und||
020 _a9785496007573
040 _cGE_BSU
080 _a327.2(47)
100 _aСтариков,Н.В.
245 _aГеополитика.
245 _bКак это делается
245 _cВед.ред. Е.Власова
260 _aМосква
260 _bПитер
260 _c2014.
300 _a368стр;ил;22см.
541 _h21л.
653 _aГеополитика
942 _cBK
999 _c44424
_d44424